Central Library OPAC University of Rajshahi

Lorna Doone / (Record no. 19672)

MARC details
000 -LEADER
fixed length control field 00806cam a2200253u 4500
001 - CONTROL NUMBER
control field 19672
003 - CONTROL NUMBER IDENTIFIER
rucl marc code BD-RjUL
005 - DATE AND TIME OF LATEST TRANSACTION
control field 20211209000449.0
008 - FIXED-LENGTH DATA ELEMENTS--GENERAL INFORMATION
fixed length control field 140225s1948 nyuabc 000 0 eng
035 ## - SYSTEM CONTROL NUMBER
System control number (BD-RjUL)19732
040 ## - CATALOGING SOURCE
Original cataloging agency DLC
Transcribing agency CarP
Modifying agency DLC
-- BD-RjUL
Language of cataloging eng
041 ## - LANGUAGE CODE
Language code of text/sound track or separate title eng
082 ## - DEWEY DECIMAL CLASSIFICATION NUMBER
Classification number 823.8
Author mark and year BLL
100 1# - MAIN ENTRY--PERSONAL NAME
Personal name Blackmore, R. D.
Fuller form of name (Richard Doddridge),
Dates associated with a name 1825-1900.
9 (RLIN) 59542
245 10 - TITLE STATEMENT
Title Lorna Doone /
Statement of responsibility, etc. R.D.Blackmore
260 ## - PUBLICATION, DISTRIBUTION, ETC. (IMPRINT)
Place of publication, distribution, etc. New York :
Name of publisher, distributor, etc. College Entrance Book Co.,
Date of publication, distribution, etc. 1948.
300 ## - PHYSICAL DESCRIPTION
Pagination xiii, 319 p. :
Illustrations ill. ;
Size 20 cm.
650 #0 - SUBJECT ADDED ENTRY--TOPICAL TERM
Topical term or geographic name as entry element Monmouth's Rebellion, 1685
General subdivision Fiction. [from old catalog]
9 (RLIN) 60446
700 1# - ADDED ENTRY--PERSONAL NAME
Personal name Holmes, Mabel Dodge,
Dates associated with a name 1883- [from old catalog]
Personal name Randolph, Helen
942 ## - ADDED ENTRY ELEMENTS (KOHA)
Source of classification or shelving scheme Dewey Decimal Classification
Koha item type Books
Holdings
Lost status Source of classification or shelving scheme Damaged status Not for loan Collection code Permanent Location Current Location Shelving location Date acquired Source of acquisition Cost, normal purchase price Total Checkouts Full call number Date last seen Copy number Koha item type
  Dewey Decimal Classification     Fiction Central Library, University of Rajshahi Central Library, University of Rajshahi   29/09/1955 Black wel LTD. 55.00   823.8 BLL 1948 25/02/2014 C-3 Books